000 00347nam a22001457a 4500
008 230616b ||||| |||| 00| 0 eng d
020 _a9780805828894
041 _aeng
080 _a610.73
082 _a610.73PAR
100 _a7
101 _aINF
245 _aPROCESSING OF MEDICAL INFORMATION IN AGING PATIENTS
_cPARK.C.D
942 _2udc
_cBK
999 _c59993
_d59993